<?xml version="1.0" encoding="UTF-8"?>
<record
    xmlns:xsi="http://www.w3.org/2001/XMLSchema-instance"
    xsi:schemaLocation="http://www.loc.gov/MARC21/slim http://www.loc.gov/standards/marcxml/schema/MARC21slim.xsd"
    xmlns="http://www.loc.gov/MARC21/slim">

  <leader>03325nam a2200541Ia 4500</leader>
  <controlfield tag="001">3186</controlfield>
  <controlfield tag="008">241029s9999    xx            000 0 und d</controlfield>
  <datafield tag="010" ind1=" " ind2=" ">
    <subfield code="a">2995</subfield>
  </datafield>
  <datafield tag="041" ind1=" " ind2=" ">
    <subfield code="a">Espa&#xF1;ol</subfield>
  </datafield>
  <datafield tag="082" ind1=" " ind2=" ">
    <subfield code="a">MA-LAEI 0001 FH 2008</subfield>
  </datafield>
  <datafield tag="245" ind1=" " ind2="0">
    <subfield code="a">Interferencia del idioma espa&#xF1;ol en el aprendizaje del Ingl&#xE9;s como lengua extranjera en los estudiantes de la Escuela de Idiomas de la UASD (SEDE) del Nivel IDI-024 en el Semestre 2007-1</subfield>
  </datafield>
  <datafield tag="260" ind1=" " ind2=" ">
    <subfield code="a">Santo Domingo</subfield>
  </datafield>
  <datafield tag="300" ind1=" " ind2=" ">
    <subfield code="a">127</subfield>
  </datafield>
  <datafield tag="520" ind1=" " ind2=" ">
    <subfield code="a">33</subfield>
  </datafield>
  <datafield tag="630" ind1=" " ind2=" ">
    <subfield code="a">Proceso de Ense&#xF1;anza-Aprendizaje</subfield>
  </datafield>
  <datafield tag="630" ind1=" " ind2=" ">
    <subfield code="a">Programa Educaci&#xF3;n Bilingue</subfield>
  </datafield>
  <datafield tag="650" ind1=" " ind2=" ">
    <subfield code="a">Lenguas Extranjeras</subfield>
  </datafield>
  <datafield tag="690" ind1=" " ind2=" ">
    <subfield code="a">Elaborado</subfield>
  </datafield>
  <datafield tag="700" ind1=" " ind2=" ">
    <subfield code="e">asesor</subfield>
    <subfield code="a">Acosta, Francisco</subfield>
  </datafield>
  <datafield tag="700" ind1=" " ind2=" ">
    <subfield code="e">autor</subfield>
    <subfield code="a"> Rodr&#xED;guez Espinal , Ram&#xF3;n E.</subfield>
  </datafield>
  <datafield tag="700" ind1=" " ind2=" ">
    <subfield code="e">autor</subfield>
    <subfield code="a">Olivares Layara , Ren&#xE9;</subfield>
  </datafield>
  <datafield tag="901" ind1=" " ind2=" ">
    <subfield code="a">{"1":" Rodr&#xED;guez Espinal ","2":"Olivares Layara "}</subfield>
    <subfield code="b">{"1":"Ram&#xF3;n E.","2":"Ren&#xE9;"}</subfield>
  </datafield>
  <datafield tag="902" ind1=" " ind2=" ">
    <subfield code="a">1</subfield>
  </datafield>
  <datafield tag="903" ind1=" " ind2=" ">
    <subfield code="a">{"1":"Acosta"}</subfield>
    <subfield code="b">{"1":"Francisco"}</subfield>
  </datafield>
  <datafield tag="904" ind1=" " ind2=" ">
    <subfield code="a">Maestr&#xED;a en</subfield>
  </datafield>
  <datafield tag="905" ind1=" " ind2=" ">
    <subfield code="a">Ling&#xFC;&#xED;stica Aplicada</subfield>
  </datafield>
  <datafield tag="906" ind1=" " ind2=" ">
    <subfield code="a">1</subfield>
  </datafield>
  <datafield tag="907" ind1=" " ind2=" ">
    <subfield code="a">con Aplicaci&#xF3;n a</subfield>
  </datafield>
  <datafield tag="908" ind1=" " ind2=" ">
    <subfield code="a">Ense&#xF1;anza del Idioma Ingl&#xE9;s Como Lengua Extranjera</subfield>
  </datafield>
  <datafield tag="909" ind1=" " ind2=" ">
    <subfield code="a">Universidad Aut&#xF3;noma de Santo Domingo (UASD)</subfield>
  </datafield>
  <datafield tag="910" ind1=" " ind2=" ">
    <subfield code="a">NULL</subfield>
    <subfield code="b">NULL</subfield>
  </datafield>
  <datafield tag="911" ind1=" " ind2=" ">
    <subfield code="a">["1"]</subfield>
  </datafield>
  <datafield tag="912" ind1=" " ind2=" ">
    <subfield code="a">NO APLICA</subfield>
  </datafield>
  <datafield tag="913" ind1=" " ind2=" ">
    <subfield code="a">NULL</subfield>
  </datafield>
  <datafield tag="914" ind1=" " ind2=" ">
    <subfield code="a">07 de Enero de 2008</subfield>
  </datafield>
  <datafield tag="915" ind1=" " ind2=" ">
    <subfield code="a">20/07/15 05:07</subfield>
  </datafield>
  <datafield tag="916" ind1=" " ind2=" ">
    <subfield code="a">NULL</subfield>
  </datafield>
  <datafield tag="917" ind1=" " ind2=" ">
    <subfield code="a">NULL</subfield>
  </datafield>
  <datafield tag="918" ind1=" " ind2=" ">
    <subfield code="a">NO APLICA</subfield>
  </datafield>
  <datafield tag="919" ind1=" " ind2=" ">
    <subfield code="a">["163","252"]</subfield>
  </datafield>
  <datafield tag="520" ind1=" " ind2=" ">
    <subfield code="a">La investigaci&#xF3;n pretendi&#xF3; demostrar la interferencia ling&#xFC;ista del idioma espa&#xF1;ol sobre el proceso de ense&#xF1;anza aprendizaje del ingl&#xE9;s de los estudiantes de la carrera de Lenguas Modernas de la escuela de idiomas de la Universidad Aut&#xF3;noma de Santo Domingo.La investigaci&#xF3;n asumi&#xF3; un dise&#xF1;o descriptivo y diagnostico, la cual se realiz&#xF3; sobre una poblaci&#xF3;n de 59 estudiantes distribuidos en tres secciones compuestas por:(13, 27 y 19 estudiantes respectivamente). Los datos fueron recolectados mediante pruebas y producciones de los estudiantes.El estudio concluye que las grandes dificultades en la ense&#xF1;anza del Ingl&#xE9;s como Lengua Extranjera radica en que las clases son impartidas a trav&#xE9;s del m&#xE9;todo Grammar Traslation Method (M&#xE9;todo de Traducci&#xF3;n Gramatical) lo que result&#xF3; ins&#xF3;lito, ante los tantos nuevos m&#xE9;todos que responden a un enfoque comunicativo. En otro aspecto se determin&#xF3; que las orientaciones y explicaciones de aspectos gramaticales y did&#xE1;cticos en espa&#xF1;ol no ayudan a los estudiantes aprender el idioma Ingl&#xE9;s, sino que los estimula a depender m&#xE1;s de su lengua materna, desarrollando estructuras ling&#xFC;&#xED;sticas muy divorciadas del habla hispana. Finalmente se determin&#xF3; un alto nivel de interferencia en los aspectos ortogr&#xE1;ficos, morfosint&#xE1;cticos y l&#xE9;xico-sem&#xE1;ntico en un gran porcentaje de los estudiantes, debido al nivel de interferencia del espa&#xF1;ol en el aprendizaje del Ingl&#xE9;s como segunda lengua.El estudio recomienda que la ense&#xF1;anza de la lengua extranjera, en su etapa inicial requiera de la aplicaci&#xF3;n de actividades basadas en estrategias metodol&#xF3;gicas dirigidas a activar la conciencia del estudiante para que pueda producir ling&#xFC;&#xED;sticamente en Ingl&#xE9;s.</subfield>
  </datafield>
  <datafield tag="921" ind1=" " ind2=" ">
    <subfield code="a">16</subfield>
  </datafield>
  <datafield tag="922" ind1=" " ind2=" ">
    <subfield code="a">16</subfield>
  </datafield>
  <datafield tag="923" ind1=" " ind2=" ">
    <subfield code="a">0</subfield>
  </datafield>
  <datafield tag="924" ind1=" " ind2=" ">
    <subfield code="a">NO APLICA</subfield>
  </datafield>
  <datafield tag="942" ind1=" " ind2=" ">
    <subfield code="c">Tesis</subfield>
  </datafield>
  <datafield tag="999" ind1=" " ind2=" ">
    <subfield code="c">2995</subfield>
    <subfield code="d">2995</subfield>
  </datafield>
</record>
